Room for optimism on private investors (Record no. 117923)
[ view plain ]
| 000 -LEADER | |
|---|---|
| fixed length control field | 01473cam a2200265 4500 |
| 001 - CONTROL NUMBER | |
| control field | ABS68104 |
| 008 - FIXED-LENGTH DATA ELEMENTS--GENERAL INFORMATION | |
| fixed length control field | 040831n2004 000 0 eng u |
| 035 ## - SYSTEM CONTROL NUMBER | |
| System control number | (Sirsi) u127219 |
| 245 ## - TITLE STATEMENT | |
| Title | Room for optimism on private investors |
| 260 ## - PUBLICATION, DISTRIBUTION, ETC. | |
| Date of publication, distribution, etc. | 2004 |
| 490 ## - SERIES STATEMENT | |
| Series statement | Estates Gazette |
| Volume/sequential designation | (0434) 21 August 2004, 47-48(2) |
| 520 ## - SUMMARY, ETC. | |
| Summary, etc. | Looks at the impact the increase in the number of private investors purchasing commercial property at auction is having on the commercial auction market sector. Data from Jones Lang LaSalle/IPD Auction Results Analysis reflects this trend and is represented in a graph. Suggests that cost and availability of finance and performance of investment alternatives are key factors behind this trend. Refers to low interest rates as a contributing factor. Notes that yields have dropped dramatically in recent years in this market sector. Identifies typical private investors as being either a pension provider, wealth generator or trader discussing what each investor is seeking from his/her investment. Graph shows auction room turnover, rental indices and debt yield gap from the fourth quarter 1985 to the fourth quarter 2002. |
| 590 ## - LOCAL NOTE (RLIN) | |
| Local note | ABS |
| 590 ## - LOCAL NOTE (RLIN) | |
| Local note | ABS |
| 650 ## - SUBJECT ADDED ENTRY--TOPICAL TERM | |
| Topical term or geographic name entry element | PROPERTY AUCTIONS |
| 650 ## - SUBJECT ADDED ENTRY--TOPICAL TERM | |
| Topical term or geographic name entry element | INVESTMENT |
| 650 ## - SUBJECT ADDED ENTRY--TOPICAL TERM | |
| Topical term or geographic name entry element | PERFORMANCE |
| 650 ## - SUBJECT ADDED ENTRY--TOPICAL TERM | |
| Topical term or geographic name entry element | YIELDS |
| 650 ## - SUBJECT ADDED ENTRY--TOPICAL TERM | |
| Topical term or geographic name entry element | INTEREST RATES |
| 650 ## - SUBJECT ADDED ENTRY--TOPICAL TERM | |
| Topical term or geographic name entry element | COSTS |
| 650 ## - SUBJECT ADDED ENTRY--TOPICAL TERM | |
| Topical term or geographic name entry element | RETURNS |
| 650 ## - SUBJECT ADDED ENTRY--TOPICAL TERM | |
| Topical term or geographic name entry element | PRIVATE INVESTORS |
| 690 ## - LOCAL SUBJECT ADDED ENTRY--TOPICAL TERM (OCLC, RLIN) | |
| Topical term or geographic name as entry element | COMMERCIAL PROPERTY-INVESTMENT |
| 942 ## - ADDED ENTRY ELEMENTS (KOHA) | |
| Suppress in OPAC | 0 |
| Withdrawn status | Lost status | Source of classification or shelving scheme | Damaged status | Not for loan | Home library | Current library | Shelving location | Date acquired | Total Checkouts | Full call number | Barcode | Date last seen | Copy number | Price effective from | Koha item type |
|---|---|---|---|---|---|---|---|---|---|---|---|---|---|---|---|
| Dewey Decimal Classification | London | London | Journal article | 31/08/2004 | ABS68104 | 127219-1001 | 06/08/2019 | 1 | 06/08/2019 | Journal article |